Prvá súkromná vysoká škola na Slovensku otvorí na jeseň triedy
Vysoká škola manažmentu v Trenčíne získala akreditáciu ako prvá slovenská súkromná vysoká škola v SR. V škole sa bude vyučovať podnikový manažment podľa programov City University (CU). História, programy a ciele CU. Vznik CU v USA a jej rozšírenie aj do Európy. Vysoká škola manažmentu začína ako jed...
Salvato in:
| Autore principale: | |
|---|---|
| Natura: | Capitolo di libro |
| Lingua: | slovacco |
| Soggetti: | |
| Tags: |
Nessun Tag, puoi essere il primo ad aggiungerne!!
|
MARC
| LEADER | 00000naa a2200000 4500 | ||
|---|---|---|---|
| 001 | r038766 | ||
| 005 | 20230921105941.5 | ||
| 041 | 0 | |a slo | |
| 044 | |a SK | ||
| 245 | 1 | 0 | |a Prvá súkromná vysoká škola na Slovensku otvorí na jeseň triedy |c Peter Šporer |
| 520 | |a Vysoká škola manažmentu v Trenčíne získala akreditáciu ako prvá slovenská súkromná vysoká škola v SR. V škole sa bude vyučovať podnikový manažment podľa programov City University (CU). História, programy a ciele CU. Vznik CU v USA a jej rozšírenie aj do Európy. Vysoká škola manažmentu začína ako jednofakultná, charakteristika školy. | ||
| 610 | 2 | 0 | |a školy vysoké |
| 610 | 2 | 0 | |a školy súkromné |
| 610 | 2 | 0 | |a manažment |
| 610 | 2 | 0 | |a podnik |
| 610 | 2 | 0 | |a akreditácia |
| 610 | 2 | 0 | |a Vysoká škola manažmentu Trenčín |
| 610 | 2 | 0 | |a City University Trenčín |
| 100 | 1 | |a Šporer, Peter | |